10 countries that consume the most eggs - Statistics

General Stats
  • This quiz has been taken 74 times
  • The average score is 5 of 10
Answer Stats
Answer % Correct
#3 China
97%
#1 Japan
91%
#10 Russia
84%
#4 Mexico
75%
#5 Ukraine
53%
#9 Belarus
34%
#6 Malaysia
33%
#8 Slovakia
20%
#7 Brunei
9%
#2 Paraguay
3%
No matching quizzes found
Score Distribution
Percent of People with Each Score
Percentile by Number Answered
Your Score History
You have not taken this quiz